Представление документа в формате MARC21

Поле Инд. ПП Название Значение
Тип записи a
Библиографический уровень m
001 Контрольный номер RU/IS/BASE/282746008
005 Дата корректировки 20260126080024.5
008 Кодируемые данные 20081216
022 a ISSN 0579-9384 (print); 1728-2101 (online)
041 a Код языка текста rus
084 a Индекс другой классификации/Индекс ББК 24
090 a Полочн. индекс 95.4+24
097 00 a 110
245 00 a Заглавие Вестник Московского университета. Серия 2, Химия
b Продолж. заглавия научный журнал
c Ответственность учредитель: МГУ им. М. В. Ломоносова. Химический факультет; гл. ред. В. В. Лунин
n Номер части/ раздела №3/2008
260 00 a Место издания Москва
b Издательство Издательство Московского университета
c Дата издания 2008
300 a Объем 72 с.
500 a Примечание Журнал
505 a Форматированное содержание Ациклические нитроновые эфиры: получение и использование в синтезе N- и O-содержащих гетероциклов
b Автор Аверина Е. Б.
b Автор Иванова О. А.
b Автор Будынина Е. М.
b Автор Волкова Ю. А.
b Автор Кузнецова Т. С.
b Автор Зефиров Н. С.
505 a Форматированное содержание Цементсодержащие катализаторы разложения озона на основе оксидов железа
b Автор Залозная Л. А.
b Автор Ткаченко И. С.
b Автор Егорова Г. В.
b Автор Ткаченко С. Н.
b Автор Лунин В. В.
505 a Форматированное содержание Фотохимические превращения катион-радикалов циклических ацеталей вфреоновых матрицах при 77 К
b Автор Мельников М. Я.
b Автор Белоконь Е. А.
b Автор Белевский В. Н.
b Автор Калугина А. Д.
b Автор Мельникова О. Л.
505 a Форматированное содержание Фазовые равновесия в системе Ce-Pd-In
b Автор Штепа Д. В.
b Автор Нестеренко С. Н.
b Автор Турсина А. И.
b Автор Мурашова Е. В.
b Автор Серопегин Ю. Д.
505 a Форматированное содержание Локализация акустической энергии в гелевых системах на твердофазных неоднородностях
b Автор Николаев А. Л.
b Автор Гопин А. В.
b Автор Чичерин Д. С.
b Автор Божевольнов В. Е.
b Автор Мелихов И. В.
505 a Форматированное содержание Эмпирический расчет состава жирных кислот и глицеринов в оценке качества лекарственных средств
b Автор Фетисова А. Н.
b Автор Попков В. А.
b Автор Кузьменко А. Н.
505 a Форматированное содержание Получение и свойства пригодного к иммобилизации ферромагнитного кремнезема, модифицированного карбонизированным лигнином и карбдиимидом
b Автор Орлова Т. Н.
b Автор Афанасьева Е. Е.
b Автор Афанасьев Е. Н.
b Автор Тюменцева И. С.
b Автор Василенко Н. Ф.
650 a Основная рубрика химия
653 a Ключевые слова акустическая энергия
a Ключевые слова ациклические нитронаты
a Ключевые слова гелиевые системы
a Ключевые слова гетероциклы
a Ключевые слова глицерин
a Ключевые слова жирные кислоты
a Ключевые слова иммобилизация
a Ключевые слова индий
a Ключевые слова карбдиимид
a Ключевые слова катализаторы
a Ключевые слова катион-радикалы (КР)
a Ключевые слова кремнезем
a Ключевые слова лекарственные средства
a Ключевые слова лигнин
a Ключевые слова локализация
a Ключевые слова озон
a Ключевые слова оксиды железа
a Ключевые слова органические соединения
a Ключевые слова оценка качества
a Ключевые слова палладий
a Ключевые слова разложение
a Ключевые слова твердофазные неоднородности
a Ключевые слова фазовое равновесие
a Ключевые слова фреоновая матрица
a Ключевые слова церий
a Ключевые слова эфиры
773 w Контрольный № источника RU/IS/BASE/387293746
901 t Тип документа s
952 a Тип литературы для КСУ ВШ НЖ